000 00634nam a22002297a 4500
001 BD-DhSAU 7838
003 BD-DhSAU
005 20150528165458.0
008 150528b1991 ii ||||| |||| 001 0 eng d
040 _aBD-DhSAU
082 _222
_a332.6
_bSIP
100 _aSingh, Abhimanyu
245 _aPlanning for developing a background economy /
_cAbhimanyu Singh
250 _a2nd revised ed.
260 _aNew Delhi :
_bVikas Pub. ,
_cc1991.
300 _aviii, 242 p. :
_c22 cm.
504 _aInclude bibliographical reference & index.
590 _aJerin
650 _aExtension
650 _a economy
942 _2ddc
_cBOOK
999 _c7838
_d7838